| 000 | 00662cam a22002411 4500 | ||
|---|---|---|---|
| 001 | sa 67001273 | ||
| 003 | DLC | ||
| 005 | 20260227112321.0 | ||
| 008 | 890914r1966uuuuii 000 0 beno | ||
| 010 | _asa 67001273 | ||
| 035 | _a(OCoLC)20339699 | ||
| 040 |
_aDLC _cWaU _dDLC |
||
| 042 | _apremarc | ||
| 043 | _aa-ii--- | ||
| 050 | 0 | 0 |
_aDS423 _b.G28 |
| 100 | 1 | _aGanguli, Hemanta Kumar. | |
| 245 | 1 | 0 | _aSamāja, sāhitya o darśana. |
| 260 | _c[1966] | ||
| 300 |
_a2, 164 p. _c23 cm. |
||
| 500 | _aIn Bengali. | ||
| 500 | _aArticles originally published in Āntarjātika and Khaṛadaha thānā samācāra. | ||
| 651 | 0 |
_aIndia _xIntellectual life. |
|
| 999 |
_c72502 _d72502 |
||